La persecución religiosa en Alemania / (Record no. 169945)

MARC details
000 -LEADER
campo de control de longitud fija 00545nam a22001695i 4500
001 - NÚMERO DE CONTROL
campo de control 169945
003 - IDENTIFICADOR DE NÚMERO DE CONTROL
campo de control ES-MaACL
005 - FECHA Y HORA DE LA ÚLTIMA TRANSACCIÓN
campo de control 20230906214240.0
008 - DATOS DE LONGITUD FIJA--INFORMACIÓN GENERAL
campo de control de longitud fija 081223s1876 sp |||| | spa d
080 ## - NÚMERO DE LA CLASIFICACIÓN DECIMAL UNIVERSAL
Número de la Clasificación Decimal Universal 272(430)"18"
245 03 - MENCIÓN DEL TÍTULO
Título La persecución religiosa en Alemania /
Mención de responsabilidad, etc. por P. F. ; traducción de Juan Bautista Padilla.
260 ## - PUBLICACIÓN, DISTRIBUCIÓN, ETC.
Lugar de publicación, distribución, etc. Madrid :
Nombre del editor, distribuidor, etc. [s.n.],
Fecha de publicación, distribución, etc. 1876.
300 ## - DESCRIPCIÓN FÍSICA
Extensión 45 p. ;
Dimensiones 21 cm.
650 14 - PUNTO DE ACCESO ADICIONAL DE MATERIA--TÉRMINO DE MATERIA
Término de materia o nombre geográfico como elemento de entrada Persecuciones religiosas-
Subdivisión geográfica Alemania-
Subdivisión cronológica S.XIX.
9 (RLIN) 139122
700 1# - ENTRADA AGREGADA--NOMBRE PERSONAL
Nombre de persona Padilla, Juan Bautista.
9 (RLIN) 139123
852 ## - LOCALIZACIÓN
Ubicación ES-MaACL
Número de control de estantería T-208-F-9
Holdings
Estatus retirado Estado de pérdida Estado de daño No para préstamo Colección Biblioteca de origen Biblioteca actual Ubicación en estantería Fecha de adquisición Fuente de adquisición Total de préstamos Signatura topográfica completa Código de barras Visto por última vez Precio de reemplazo Tipo de ítem Koha
        Colección de folletos Biblioteca del Ateneo de Madrid Biblioteca del Ateneo de Madrid Depósito folletos 23/12/2008     T-208-F-9 1178422 23/02/2023 23/02/2023 Folleto